|
|
|
|
| LEADER |
00000cam a2200000 7i4500 |
| 001 |
0000001644 |
| 005 |
20010904.0 |
| 090 |
0 |
0 |
|a 338.709595
|b MER 1991
|
| 245 |
0 |
0 |
|a MERDEKA book of records 1990 :
|b Berjaya
|
| 260 |
0 |
0 |
|a Kuala Lumpur :
|b Bahagian Istiadat, Jabatan Perdana Menteri ,
|c [1991]
|
| 300 |
|
|
|a 224 p. :
|b col. ill. ;
|c 32 cm.
|
| 650 |
0 |
0 |
|a Corporations
|z Malaysia
|
| 650 |
0 |
0 |
|a Independence Day (Malaysia)
|x Pictorial works
|
| 651 |
0 |
0 |
|a Malaysia
|x Economic conditions
|
| 651 |
0 |
0 |
|a Malaysia
|x History
|
| 998 |
|
|
|a JPSM
|
| 999 |
|
|
|a 0000002864
|b Monograph
|c Open Shelf
|e Default branch
|